Biggest 9-Letter European Cities on a Map - Statistics

General Stats
  • This quiz has been taken 176 times
  • The average score is 21 of 30
Answers on the Map
Answers color-coded by a green-red scale on the quiz's map according to % correct below.
 
Answer Stats
Population City % Correct
504,020 Edinburgh
98%
1,766,106 Stockholm
97%
872,922 Amsterdam
96%
1,664,182 Barcelona
96%
652,541 Rotterdam
96%
1,883,425 Bucharest
95%
586,889 Liverpool
95%
868,277 Marseille
94%
763,380 Frankfurt
92%
286,745 Ljubljana
92%
635,911 Stuttgart
88%
552,143 Sheffield
86%
518,370 Nuremberg
83%
472,558 Leicester
71%
1,004,763 Volgograd
71%
283,872 Constanța
67%
948,827 Krasnodar
67%
334,195 Bielefeld
65%
319,279 Timișoara
60%
355,100 Wuppertal
60%
312,060 Karlsruhe
59%
524,371 Astrakhan
52%
296,958 Białystok
52%
344,091 Bydgoszcz
52%
454,488 Stavropol
49%
619,278 Kryvyi Rih
45%
286,899 Chernihiv
43%
625,462 Ulyanovsk
41%
601,503 Yaroslavl
40%
370,707 Vinnytsia
39%
No matching quizzes found
Score Distribution
Percent of People with Each Score
Percentile by Number Answered
Your Score History
You have not taken this quiz